Statystyki dla Wszystkie reprezentacje, które zagrały na mistrzostwach świata

Kliknij tutaj aby rozwiązać quiz!

Ogólne statystyki

  • Ten quiz został rozwiązany 22 112 razy
  • Średni wynik to 56 z 81

Statystyki odpowiedzi

#Najwyższa
pozycja
Reprezentacja% Poprawnych
93. miejscePolska
98%
22ZwycięzcaBrazylia
97%
18ZwycięzcaArgentyna
96%
16ZwycięzcaFrancja
96%
20ZwycięzcaNiemcy / RFN
96%
114. miejsceRosja / ZSRR
93%
16ZwycięzcaHiszpania
92%
83. miejscePortugalia
90%
18ZwycięzcaWłochy
90%
113. miejsceStany Zjednoczone
89%
16ZwycięzcaAnglia
88%
72. rundaJaponia
87%
12WicemistrzSzwecja
87%
17ĆwierćfinałyMeksyk
86%
6WicemistrzChorwacja
85%
21. rundaKanada
85%
14ZwycięzcaUrugwaj
85%
9WicemistrzCzechy /
Czechosłowacja
84%
11WicemistrzHolandia
84%
11. rundaChiny
83%
114. miejsceKorea Południowa
83%
64. miejsceMaroko
83%
32. rundaNorwegia
83%
1ĆwierćfinałyUkraina
83%
143. miejsceBelgia
82%
62. rundaAustralia
81%
12. rundaSłowacja
79%
62. rundaArabia Saudyjska
78%
31. rundaEgipt
78%
93. miejsceChile
77%
32. rundaGrecja
77%
3ĆwierćfinałyIrlandia
77%
31. rundaPołudniowa Afryka
77%
42. rundaSerbia / Serbia i
Czarnogóra
77%
6ĆwierćfinałyDania
75%
6ĆwierćfinałyKolumbia
75%
12ĆwierćfinałySzwajcaria
75%
73. miejsceAustria
74%
23. miejsceTurcja
74%
11. rundaKatar
73%
9WicemistrzWęgry
71%
61. rundaIran
70%
3ĆwierćfinałySenegal
70%
2ĆwierćfinałyKorea Północna
69%
5ĆwierćfinałyPeru
69%
21. rundaSłowenia
68%
2ĆwierćfinałyWalia
68%
21. rundaNowa Zelandia
67%
7ĆwierćfinałyRumunia
67%
42. rundaEkwador
66%
81. rundaSzkocja
65%
42. rundaAlgieria
63%
74. miejsceBułgaria
63%
11. rundaIslandia
63%
11. rundaIrak
62%
6ĆwierćfinałyKostaryka
62%
62. rundaNigeria
62%
8ĆwierćfinałyParagwaj
61%
31. rundaBoliwia
59%
11. rundaPanama
58%
61. rundaTunezja
58%
4ĆwierćfinałyGhana
57%
11. rundaBośnia i
Hercegowina
56%
8ĆwierćfinałyKamerun
56%
11. rundaZair
55%
1ĆwierćfinałyKuba
54%
11. rundaIzrael
53%
11. rundaHolenderskie
Indie Wschodnie
49%
31. rundaHonduras
48%
31. rundaWybrzeże Kości
Słoniowej
48%
11. rundaJamajka
45%
3ĆwierćfinałyIrlandia Północna
44%
94. miejsceJugosławia
44%
11. rundaHaiti
43%
11. rundaZjednoczone
Emiraty Arabskie
38%
11. rundaAngola
34%
21. rundaSalwador
33%
11. rundaTogo
26%
11. rundaTrynidad i Tobago
26%
11. rundaKuwejt
25%
12. rundaNRD
24%

Rozkład punktacji

Percentyl według liczby udzielonych odpowiedzi

Procent ludzi z każdym wynikiem

Twoja historia wyników

Nie rozwiązałeś tego quizu